| 000 | 00861nam a22002657a 4500 | ||
|---|---|---|---|
| 003 | dpl | ||
| 005 | 20180807115613.0 | ||
| 008 | 180807b xxu||||| |||| 00| 0 eng d | ||
| 010 | _aB-220504 | ||
| 020 |
_c795.00 _a9788185040899 |
||
| 035 | _aB-220504, B-220505 | ||
| 037 | _bCen Lib/Ret | ||
| 040 |
_aDPL _bEN _c0 |
||
| 082 |
_a026 _bSIN |
||
| 100 |
_aSingh, S. P. _93047 |
||
| 245 |
_aSpecial libraries in the electronic environment / _cby S. P. Singh [and] Krishan Kumar |
||
| 260 |
_aNew Delhi _bBookwell _c2005 |
||
| 270 |
_bNew Delhi _a24/4800 Ansari Road, Darya Ganj _e110002 |
||
| 300 |
_axvii,402p. _c22cm(Hb) |
||
| 500 | _aIncludes bibliographical references and index | ||
| 650 |
_aLibrary Science _9105162 |
||
| 650 |
_aServices-Special Libraries _93049 |
||
| 700 |
_aKrishan Kumar _9105163 |
||
| 942 |
_2ddc _cEN _h026 _mSIN |
||
| 999 |
_c122912 _d122912 |
||